000 00776nam a2200241Ia 4500
003 OSt
005 20220925230702.0
006 a|||||r|||| 00| 0
007 ta
008 220923b |||||||| |||| 00| 0 eng d
020 _a9781848135062
_c1240.04
037 _b106/2011-12, 22/07/2011, PIONEER BOOK DISTRIBUTORS
_cGeneral Book
040 _aRTL
_cRTL
_beng
041 _2eng
_aeng
082 _aX:72, Q1
100 _aNADAL Alejandro
_9294138
245 0 _aRethinking macroeconomics for sustainability
260 _aLondon
_bZed Books
_c2011
300 _ax,235p Bibliography: P 214-26
_ccm.
650 _aCommerce
942 _hX:72, Q1
_cGB
_2CC
999 _c586343
_d586343